000 01469cad a22002175a 4500
001 L155665
008 120402s2012 xxk 000 0 eng d
035 _a(Sirsi) u155665
041 0 _aeng
110 2 _aBNP Paribas Real Estate
_95715
245 0 0 _aEuropean investor confidence survey Winter 2011/2012
_h[electronic resource]
260 _a[S.I.]
_bBNP Paribas
_c 2012
490 0 _aBNP Paribas European Investor Confidence Survey
_vWinter 2011/2012
520 _aEurope's sovereign debt crisis has not killed property investment but investors are taking a sober view about the likelihood of better conditions, particularly for total returns and rental growth. Most sectors have seen slippage in confidence and expectations of improvement. The prime office sector remains important but there are indications that investors are thinking more widely about asset types that may present good growth prospects over the next twelve months. This is perhaps not surprising given that while the demand for core offices is good, supply, as always, is finite. Residential stands out as the sector foreseeing growth.
590 _aKA
651 4 _aEurope
690 _aCommercial property
_96227
690 _aResidential property
_96266
856 4 0 _uhttps://www.realestate.bnpparibas.com/bnppre/overview-european-property-investors-taking-a-sober-view-february-2012-p_58054
_zView the survey after creating an account (free) at www.realestate.bnpparibas.com
942 _n0
999 _c83892
_d83892